Lombrso??? "bűnös koponya" elméletének rövid tájékoztatója
Elmentve itt :
| Adatforrás: | Philobibl |
|---|---|
| Forrásdokumentuma: | Bölcseleti Folyóirat 1890 145. p. |
| Dokumentumtípus: | Cikk |
| Nyelv: | magyar |
| LEADER | 00297nab a2200097 c 4500 | ||
|---|---|---|---|
| 001 | bibDOK00013533 | ||
| 005 | 20200924120837.1 | ||
| 008 | 060518s1890 xx hun | ||
| 245 | 0 | 0 | |a Lombrso??? "bűnös koponya" elméletének rövid tájékoztatója |
| 500 | |a Híranyag | ||
| 773 | 0 | |t Bölcseleti Folyóirat 1890 |g 145. p. | |